Tintin : les titres d'albums qui ne contiennent pas le mot Tintin - Statistiques

Statistiques générales
  • Ce quiz a été pris 62 fois
  • Le résultat moyen est 15 sur 17
Statistiques - réponses
Hint Réponse % Correct
13 On A Marché Sur La Lune
95%
12 Objectif Lune
93%
10 Les 7 Boules De Cristal
91%
8 Le Secret De La Licorne
91%
4 l’Ile Noire
91%
16 Les Bijoux De La Castafiore
89%
15 Coke En Stock
87%
17 Vol 714 Pour Sydney
87%
14 L'Affaire Tournesol
85%
2 Le Lotus Bleu
85%
1 Les Cigares Du Pharaon
85%
3 L'Oreille Cassée
85%
11 Le Temple Du Soleil
82%
7 L’étoile Mystérieuse
80%
5 Le Sceptre d’Ottokar
78%
6 Le Crabe Aux Pinces d'Or
76%
9 Le Trésor De Rackam Le Rouge
73%
Aucun quiz correspondant
Distribution des résultats
% des personnes avec chaque résultat
Percentile par nombre de réponses
Votre historique - résultats
Vous n’avez pas pris ce quiz